000 00488 a2200133 4500
008 180406b xxu||||| |||| 00| 0 eng d
020 _a9789966191267
050 _aJQ2947.A95
_bN49 2015
245 _aNew constitution, same old challenges:
_bReflections on Kenya's 2013 general elections
_cedited by Fred Otieno.
260 _bSociety for International Development (SID),
_cc2015
_aNairobi :
300 _a307 p :
_billustrations ;
_c25cm.
650 _aElections
_zKenya.
942 _cBK
_2lcc
999 _c52612
_d52612